000
00278 a2200145 4500
001
194881
040
_c
Magnum
100
_a
JANE, Prado
240
1
0
_a
Bela Flor
_l
por
245
1
0
_a
Bela Flor
300
_a
9
362
0
_a
2020
697
_a
LITERATURA INFANTIL
942
_c
BK
999
_c
194881
_d
194881